Pokémon - Les attaques de Moyade - Statistiques

Statistiques générales
  • Ce quiz a été pris 16 fois
  • Le résultat moyen est 10 sur 15
Statistiques - réponses
Niveaux Types Noms des attaques % Correct
Niveau 32 Spectre Ball'Ombre
100%
Niveau 43 Eau Hydrocanon
100%
Niveau 12 Eau Vibraqua
89%
Départ Plante Vol-Vie
89%
Niveau 20 Spectre Châtiment
78%
Niveau 16 Eau Danse Pluie
78%
Départ Eau Pistolet à O
78%
Niveau 54 Eau Giclédo
67%
Niveau 48 Spectre Lien du Destin
67%
Niveau 36 Eau Siphon
67%
Départ Poison Acidarmure
56%
Niveau 24 Eau Saumure
56%
Départ Poison Dard-Venin
44%
Départ Spectre Ombre Nocturne
44%
Niveau 28 Normal Soin
33%
Aucun quiz correspondant
Distribution des résultats
% des personnes avec chaque résultat
Percentile par nombre de réponses
Votre historique - résultats
Vous n’avez pas pris ce quiz